000 00496cam a22001934a 4500
005 20250605164302.0
008 250528s ||||||||||||||||||||||||d
035 _a22103
020 _a9781473952409
040 _aGR-AtMCL
_bgre
_dGR-AtMCL
_eAACR2
245 1 _aCHILD OBSERVATION: A GUIDE FOR STUDENTS OF EARLY CHILDHOOD
250 _a3
260 _bSage Publications,
_c2016
300 _a280
700 1 _aPalaiologou Ioanna
_97978
942 _cBK
999 _c7159
_d7159